00246nam a2200109Ia 4500008004100000100001800041245002400059260000900083650002000092942000700112999001700119190216s9999||||xx |||||||||||||| ||und|| aShankaran K P 0aYruthuparivarthanam bNull aEssay Malayalam cBK c25269d25269